000 00902nam a2200217Ia 4500
001 17104
003 GE_BSU
008 181216s||||||||xx |||||||||||||| ||und||
040 _cGE_BSU
080 _a821.353.1-31 + 821.353.1-92
100 _aარდაზიანი, ლავრენტი
245 _aთხზულებანი
245 _bრომანები, პუბლიცისტ. წერილები
245 _cტექსტი გამოსაც. მოამზადა, შენიშვნები და კომენტარები დაურთო ც. კალაძემ
260 _aთბილისი
260 _bსაბჭ. საქართველო
260 _c1964
300 _a370გვ. ; 20სმ..
653 _aრომანები, პუბლიცისტ. წერილები
942 _cBK
999 _c50166
_d50166